1719 1184 1317 1111 1315 1667 1351 1989 1485 1716 1275 1600 1356 1574 1270 1651 1402 1120 1608 1211 1348 1818 1036 1787 1757 1724 1985 1651 1486 1555 1212 1746 1041 1335 1098 1572 1424 1144 1196 1983 1435 1985 1030 1760 1860 1272 1521 1687 1885 1211 1567 1429 1172 1452 1505 1321 1139 1359 1940 1686 1435 1871 1977 1518 1578 1845 1511 1136 1847 1051 1022 1292 1678 1332 1771 1417 1977 1161 1845 1815 1408 1568 1934 1603 1293 1132 1026 1478 1075 1321 1829 1051 1025 1758 1892 1292 1232 1218 1565 BCNSPRNW ULIB Ver.6.0+V

เปลี่ยนเป็นภาษาไทย

Change to English
 แสดงรายละเอียดบรรณานุกรม
  กลับหน้าหลัก

Brief Record : Get Marc (ISO 2709) : E-mail record : QR code < ปิดหน้าต่าง
LEADER : 00000nam 2200000uu 4500
001    13399122185
003     ULIB
008    130108s2555||||th 000 0 tha d
020    9786160606900
099    นว.^bห218บ
100 0  หย่วนย่าน,ผู้เขียน
245 00 บ่วงแค้นลิขิตรัก^cหย่วนย่าน,ผู้เขียน พวงหยก, ผู้แปล
260    กรุงเทพฯ:^bแจ่มใส,^c2555
300    215 หน้า
650  0 นวนิยายจีน
945    ^p149^l0^i033388
995    เกษร
999    ^aใช้งานได้ทุกระบบ
รายการนี้ยังไม่มีแท็ก
คุณยังไม่ได้ล็อกอิน คุณสามารถมีกิจกรรมร่วมกับเว็บไซต์ได้ แต่ต้องล็อกอินก่อน ::
  ล็อกอิน

รายการสื่อสารสนเทศ

ลำดับที่ ประเภท เลขเรียก/บาร์โค้ด สถานที่ สถานะ
1. นวนิยาย
นวนิยาย
นว. ห218บ  
  Barcode: 033388
ห้องสมุดวิทยาเขตสวรรค์ประชารักษ์
►นวนิยาย
บนชั้น
  ขอยืม

รายการใกล้เคียง
    หัวเรื่อง [นวนิยายจีน]

BibComment


ยังไม่เคยถูกคอมเมนท์

คอมเมนท์ทรัพยากรรายการนี้
  คอมเมนท์: บ่วงแค้นลิขิตรัก ..


 Copyright 2026. Bcnsprnw @Library